Arctic Monkeys Lyrics - Jet Skis On The Moat - Statistics

General Stats
  • This quiz has been taken 24 times
  • The average score is 130 of 162
Answer Stats
Lyrics % Correct
a
100%
Jet
100%
moat
100%
on
100%
skis
100%
the
100%
all
95%
in
95%
it
95%
you
95%
You
95%
and
89%
CinemaScope
89%
Is
89%
it's
89%
shot
89%
They
89%
to
89%
When
89%
your
89%
Your
89%
are
84%
last
84%
mind
84%
over
84%
over,
84%
So
84%
somethin'
84%
there
84%
time
84%
wanna
84%
you're
84%
buddy
79%
Come
79%
cry
79%
give
79%
gonna
79%
happy
79%
here
79%
hug
79%
just
79%
know
79%
Or
79%
paint
79%
ride
79%
sit
79%
supposed
79%
watch
79%
while
79%
As
74%
dries?
74%
job
74%
though
74%
though,
74%
anonymous
68%
for
68%
if
68%
let
68%
not
68%
Showstoppers
68%
slide
68%
alright
63%
mark
63%
much
63%
off
63%
Park
63%
that
63%
Wonder
63%
boy
58%
cloak
58%
decidin'
58%
night
58%
quick
58%
saw
58%
through
58%
was
58%
Didn't
53%
lover
53%
pants
53%
smoke
53%
sunshine
53%
-toothed
53%
enough
47%
long
47%
one
47%
out
47%
recognise
47%
That's
47%
Pyjama
42%
Subbuteo
42%
Lights
32%
No matching quizzes found
Score Distribution
Percent of People with Each Score
Percentile by Number Answered
Your Score History
You have not taken this quiz